|
|
|
|
| LEADER |
01408nam a2200325 a 4500 |
| 001 |
17651 |
| 003 |
BD-DhAAL |
| 005 |
20140514102656.0 |
| 008 |
140514s1997 bcca b 000 0deng d |
| 010 |
|
|
|a 97031993
|
| 020 |
|
|
|a 0865713766 (alk. paper)
|
| 020 |
|
|
|a 0865713774 (pbk. : alk. paper)
|
| 040 |
|
|
|a DLC
|c DLC
|d DLC
|d BD-DhAAL
|
| 041 |
|
|
|a eng
|
| 050 |
0 |
0 |
|a HQ1229
|b .D2 1997
|
| 082 |
0 |
0 |
|a 305.235
|2 21
|
| 245 |
0 |
0 |
|a Daughters of the moon, sisters of the sun :
|b young women & mentors on the transition to womanhood /
|c [compiled and edited by] K. Wind Hughes and Linda Wolf ; photography by Linda Wolf.
|
| 260 |
|
|
|a Gabriola Island, BC ;
|a Stony Creek, CT, U.S.A. :
|b New Society Publishers,
|c c1997.
|
| 300 |
|
|
|a xii, 228 p. :
|b ill. ;
|c 23 cm.
|
| 504 |
|
|
|a Includes bibliographical references (p. 221-224).
|
| 541 |
|
|
|e 17651
|
| 650 |
|
0 |
|a Young women
|x Case studies.
|9 4475
|
| 650 |
|
0 |
|a Self-perception in women
|x Case studies.
|9 4476
|
| 650 |
|
0 |
|a Maturation (Psychology)
|x Case studies.
|9 4477
|
| 650 |
|
0 |
|a Role models
|x Case studies.
|9 4478
|
| 700 |
1 |
|
|a Hughes, K. Wind
|q (Karen Wind),
|d 1954-
|9 4479
|
| 700 |
1 |
|
|a Wolf, Linda,
|d 1950-
|9 4480
|
| 942 |
|
|
|2 ddc
|c BK
|
| 999 |
|
|
|c 14337
|d 14337
|
| 952 |
|
|
|0 0
|1 0
|2 ddc
|4 0
|6 305_235000000000000_DAU
|7 0
|9 24308
|a BRACUL
|b BRACUL
|c GEN
|d 2014-05-14
|l 0
|o 305.235 DAU
|p 3010017651
|r 2014-05-14
|t 1
|w 2014-05-14
|y BK
|x Transferred from ENH to Ayesha Abed library on 20/12/2023
|